شرح بعض الصلوات والمدائح التي نظمت بحق سيدنا محمد صلى الله عليه وسلم والترغيب والحث من الإكثار من الصلاة عليه وشفاعته صلى الله عليه وسلم والبشائر ببعثته وأفضليته على المخلوقات كافة (Record no. 29051)
[ view plain ]
| 000 -LEADER | |
|---|---|
| fixed length control field | 00946nam a2200217Ii 4500 |
| 003 - CONTROL NUMBER IDENTIFIER | |
| control field | JO-AjNU |
| 008 - FIXED-LENGTH DATA ELEMENTS--GENERAL INFORMATION | |
| fixed length control field | 230605s9999||||xx |||||||||||||| ||und|| |
| 017 ## - COPYRIGHT OR LEGAL DEPOSIT NUMBER | |
| Copyright or legal deposit number | 2006/2/368 |
| 040 ## - CATALOGING SOURCE | |
| Original cataloging agency | JO-AjNU |
| Language of cataloging | ara |
| Description conventions | rda |
| Transcribing agency | JO-AjNU |
| 041 ## - LANGUAGE CODE | |
| Language code of text/sound track or separate title | ara |
| 050 14 - LIBRARY OF CONGRESS CALL NUMBER | |
| Classification number | BP183.3.R325 2006 |
| 100 3# - MAIN ENTRY--PERSONAL NAME | |
| Personal name | تالسف ردايدة، أحمد حسن شحادة, |
| Relator term | author |
| 9 (RLIN) | 56933 |
| 245 00 - TITLE STATEMENT | |
| Title | شرح بعض الصلوات والمدائح التي نظمت بحق سيدنا محمد صلى الله عليه وسلم والترغيب والحث من الإكثار من الصلاة عليه وشفاعته صلى الله عليه وسلم والبشائر ببعثته وأفضليته على المخلوقات كافة |
| 250 ## - EDITION STATEMENT | |
| Edition statement | ط1 |
| 264 31 - PRODUCTION, PUBLICATION, DISTRIBUTION, MANUFACTURE, AND COPYRIGHT NOTICE | |
| Place of production, publication, distribution, manufacture | اربد: المؤلف، 2006 |
| 300 ## - PHYSICAL DESCRIPTION | |
| Extent | 350ص |
| 336 ## - CONTENT TYPE | |
| Content type term | text |
| Content type code | txt |
| Source | rdacontent |
| 337 ## - MEDIA TYPE | |
| Media type term | unmediated |
| Media type code | n |
| Source | rdamedia |
| 338 ## - CARRIER TYPE | |
| Carrier type term | volume |
| Carrier type code | nc |
| Source | rdacarrier |
| 650 #4 - SUBJECT ADDED ENTRY--TOPICAL TERM | |
| Topical term or geographic name entry element | ثقافة اسلامية |
| 9 (RLIN) | 56934 |
| Withdrawn status | Lost status | Source of classification or shelving scheme | Damaged status | Not for loan | Home library | Current library | Shelving location | Date acquired | Total Checkouts | Full call number | Barcode | Date last seen | Price effective from | Koha item type |
|---|---|---|---|---|---|---|---|---|---|---|---|---|---|---|
| Library of Congress Classification | مكتبة جامعة عجلون الوطنية | مكتبة جامعة عجلون الوطنية | المجموعات العامة | 06/06/2023 | BP183.3.R325 2006 | A25483 | 06/06/2023 | 06/06/2023 | Books |